000 00879cab a2200265 4500
001 ABS57746
008 090401t1997 xxu||||| |||| 00| 0 eng d
035 _a(Sirsi) u81788
041 _aeng
245 _aHow the budget has affected indirect property investment vehicles
260 _c1997
350 _a0
490 _aProperty Finance & Development
_v9(9) September 1997, 6-8(3)
520 _aLooks at the effects the budget changes have had on indirect investment in real estate, the investment vehicles currently available and what the future holds.
650 _aBUDGET
650 _aINVESTMENT TRUSTS
650 _aINVESTMENT
650 _aPARTNERSHIPS
650 _aPENSION FUNDS
650 _aPROPERTY INVESTMENT VEHICLES
650 _aPROPERTY UNIT TRUSTS
690 _aPROPERTY-PROPERTY FINANCE AND INVESTMENT
942 _n0
948 _c30/10/1997
999 _c51566
_d51566